« Retourner aux résultats de recherche
désir (Le)
de Platon à Sartre
| Auteur principal: | Cyrille Bégorre-Bret |
|---|---|
| D'autres auteurs: | André Comte-Sponville |
| Support: | Livres |
| Langue: | Francais |
| Genre: |
Documentaire |
| Sujets: | |
| Étiquettes: |
Ajouter
Pas de Tags !
|
| LEADER | 00859nam0a2200205 450 | ||
|---|---|---|---|
| 001 | 16848107 | ||
| 010 | |a 978-2-212-54993-5 |b Br. |d 13,9 | ||
| 100 | |a 20110614d2011 u u0frey01 ba | ||
| 101 | 0 | |a fre | |
| 102 | |a FR | ||
| 200 | 0 | |a désir (Le) |e de Platon à Sartre |f Cyrille Bégorre-Bret |g préface d'André Comte-Sponville | |
| 207 | 1 | |a | |
| 215 | |a 1 vol. (223 p.) |d 22 x 14 cm | ||
| 300 | |a Bibliogr. | ||
| 330 | |a Ce livre raconte l'histoire de l'idée de désir, de l'Antiquité à nos jours. Chaque chapitre est consacré à la pensée d'un philosophe dont l'auteur dégage les lignes de force. | ||
| 700 | 0 | |a Bégorre-Bret |b Cyrille |4 70 | |
| 702 | 0 | |a Comte-Sponville |b André |f 1952-.... |4 80 | |
| 900 | |a Documentaire | ||
| 901 | |a Accessible au prêt | ||
| 995 | |a Bibliothèque |c Bibliothèque |f 00156007719057 |h 00156007719057 |k 128 BEG |o p |q a |r az |e Bibliothèque | ||
